000
00333nam a2200157Ia 4500
003
OSt
005
20240514170739.0
008
170524s9999 xx 000 0 und d
020
_a
978-9389691535
040
_c
iimtu
100
_a
Balakrishnan- V.K.
245
0
_a
Graph Theory
260
_b
TMH
260
_c
2010
942
_2
ddc
_c
02
999
_c
5913
_d
5913